| 000 | 01181npm a2200265 i 4500 | ||
|---|---|---|---|
| 001 | 5225 | ||
| 003 | ES-MaACL | ||
| 005 | 20251012205633.0 | ||
| 007 | hzrazu bucu | ||
| 008 | 900425r19901779sp a 00010 spa d | ||
| 080 | _a9(46)"1"(00) | ||
| 100 | 1 |
_aLópez de Ayala, Pedro, _d1332-1407 _973530 |
|
| 245 | 1 | 0 |
_aCronicas de los Reyes de Castilla Don Pedro [I], Don Enrique II, Don Juan I, Don Enrique III _b: [Microforma] / _cpor Pedro Lopez de Ayala... ; con las enmiendas del secretario Geronimo de Zurita ; y las correcciones y notas añadidas por Eugenio de Llaguno y Amirola. |
| 260 |
_aMadrid : _bAteneo Cientifico, Literario y Artistico, _c1990. |
||
| 300 |
_a1 carrete de microfilme : _bnegativo ; _c16 mm. |
||
| 490 | 1 | _aCrónicas de los Reyes de Castilla | |
| 500 | _aPublicado originalmente: Madrid, Impr. de Antonio Sancha, 1779-1780 en 2 v. | ||
| 650 | 1 | 4 |
_aObras anteriores a 1800. _915661 |
| 700 | 1 |
_aLlaguno y Amírola, Eugenio, _d1724-1799 _972661 |
|
| 700 | 1 |
_aZurita, Jerónimo. _9118536 |
|
| 830 | 0 | 0 |
_aCrónicas de los reyes de Castilla _9177248 |
| 852 |
_aES-MaACL _jMC-48 _95342 |
||
| 942 |
_2udc _cMICROFORMA |
||
| 999 |
_c5225 _d5225 |
||